000 01592 a2200325 4500
003 Nust
005 20170207154047.0
020 _a0-203-87754-8
020 _a978-0-203-87754-8
035 _a(AU-PeEL)EBL434248
035 _a(OCoLC)456105692
040 _cNust
082 0 0 _a330.01
100 1 _aW. Paul Cockshott, Allin F. Cottrell, Gregory J. Michaelson, Ian P. Wright and Victor M. Yakovenko
245 1 0 _aClassical Econophysics (E-Book)
_h[Elektronisk resurs].
_cW. Paul Cockshott, Allin F. Cottrell, Gregory J. Michaelson, Ian P. Wright and Victor M. Yakovenko
260 _aHoboken :
_bTaylor & Francis,
_c2009.
300 _a1 online resource (385 p.)
490 1 _aRoutledge Advances in Experimental and Computable Economics, 2 ;
_vv.v. 2
500 _aDescription based upon print version of record.
505 0 _aPart I Work, Information And Value (Page-5), Part II Exchange, Money And Capital (Page-137), Part III Class Distribution Of Income (Page-261), Part IV Information And Coordination (Page-319).
520 _aThis book sets out to address some basic questions drawing from classical political economy and information theory and using an econophysics methodology: What is information? Why is it valuable? What is the relationship between money and information?
650 4 _aEconomics.
651 _a(E-Book)
655 0 _aElectronic books.
700 1 _aCockshott, Paul.
700 1 _aMichaelson, Gregory John.
700 1 _aWright, Ian P.
700 1 _aYakovenko, Victor.
830 0 _aRoutledge Advances in Experimental and Computable Economics, 2
942 _2ddc
_cBK
999 _c192940
_d192940